[Event "AUTO-INT-1854"]
[Site "http://www.queenalice.com/game.php?id=874841"]
[Date "2010.12.21"]
[Round "2"]
[White "psychobunny"]
[Black "Cassiox"]
[Result "1-0"]
[WhiteElo "1847"]
[BlackElo "1854"]

1. e4 c6 2. d4 d5 3. Nc3 dxe4 4. Nxe4 Bf5 5. Ng3 Bg6 6. h4 h6 7. Nf3 Nf6 8. Ne5
Bh7 9. Bc4 e6 10. Qe2 Qc7 11. Bd2 Bxc2 12. Bxh6 Rxh6 13. Qxc2 Nbd7 14. Qe2 Nxe5
15. dxe5 Nd7 16. Ne4 Nxe5 17. O-O-O Rg6 18. g3 Be7 19. h5 Rg4 20. f3 Rxe4 21.
Qxe4 Nxc4 22. Qxc4 Qxg3 23. Qg4 Qe5 24. h6 Bg5+ 25. Kb1 gxh6 26. f4 Qe4+ 27. Ka1
f5 28. Qh5+ Ke7 29. fxg5 hxg5 30. Qxg5+ 1-0

[Event "AUTO-INT-1801"]
[Site "http://www.queenalice.com/game.php?id=884914"]
[Date "2011.1.12"]
[Round "2"]
[White "psychobunny"]
[Black "glauco_marcal"]
[Result "0-1"]
[WhiteElo "1768"]
[BlackElo "1519"]

1. e4 d5 2. Nc3 e6 3. Nf3 dxe4 4. Nxe4 Qd5 5. Nc3 Qh5 6. Be2 Qg4 7. O-O Nf6 8.
h3 Qf4 9. d4 Nh5 10. Bxf4 Nxf4 11. d5 exd5 12. Nxd5 Nxd5 13. Qxd5 c6 14. Qe5+
Be7 15. Qxg7 Rf8 16. Ng5 Be6 17. Nxe6 fxe6 18. Bh5+ Kd7 0-1

[Event "AUTO-INT-1801"]
[Site "http://www.queenalice.com/game.php?id=884915"]
[Date "2011.1.12"]
[Round "2"]
[White "glauco_marcal"]
[Black "psychobunny"]
[Result "1-0"]
[WhiteElo "1545"]
[BlackElo "1742"]

1. d4 d5 2. Nc3 Nf6 3. Bf4 Bf5 4. Nf3 c6 5. Na4 Qa5+ 6. Nc3 b5 7. a3 Ne4 8. b4
Nxc3 9. Qd2 Ne4 10. Qe3 Qd8 11. Ne5 f6 12. Nf3 g5 13. Bg3 Nxg3 14. hxg3 Bxc2 15.
Qc3 Be4 16. Qd2 Bxf3 17. gxf3 Qd6 18. Rc1 1-0

[Event "AUTO-INT-1853"]
[Site "http://www.queenalice.com/game.php?id=906652"]
[Date "2011.2.28"]
[Round "2"]
[White "Benvenutti"]
[Black "psychobunny"]
[Result "1-0"]
[WhiteElo "1841"]
[BlackElo "1719"]

1. d4 Nc6 2. c4 e6 3. Nf3 Nge7 4. Nc3 d5 5. Bf4 dxc4 6. e3 Nd5 7. Bxc4 Nxf4 8.
exf4 Bb4 9. O-O Bxc3 10. bxc3 O-O 11. Ne5 Bd7 12. Qg4 g6 13. Rab1 b6 14. Rfe1 h5
15. Qg3 a6 16. Nxg6 fxg6 17. Qxg6+ Kh8 18. Qxh5+ Kg7 19. Re3 Rh8 20. Rg3+ Kf6
21. Qg5+ Kf7 22. Qg7+ Ke8 23. Qxh8+ Ke7 24. Rg7+ Kd6 25. Qxd8 Rxd8 26. Bxa6 Ra8
27. Bb5 Rxa2 28. Bxc6 Bxc6 29. h4 Be8 30. g4 Ra5 31. h5 Bxh5 32. gxh5 1-0

[Event "AUTO-INT-1853"]
[Site "http://www.queenalice.com/game.php?id=906653"]
[Date "2011.2.28"]
[Round "2"]
[White "psychobunny"]
[Black "Benvenutti"]
[Result "0-1"]
[WhiteElo "1708"]
[BlackElo "1852"]

1. e4 e6 2. Qe2 c5 3. Nf3 Nc6 4. g3 d6 5. Bg2 Nf6 6. O-O Be7 7. d3 O-O 8. Bg5
Bd7 9. Bxf6 Bxf6 10. Nc3 Nd4 11. Qd2 Nxf3+ 12. Bxf3 Bc6 13. a3 Qc7 14. b4 cxb4
15. axb4 a6 16. d4 Rac8 17. Qd3 Bd7 18. e5 dxe5 19. dxe5 Be7 20. Na2 Bb5 21. Qd2
Bxf1 22. Rxf1 Qxc2 23. Qxc2 Rxc2 24. Nc1 b5 25. Nd3 Rc4 26. Bb7 Bxb4 27. Bxa6
Be7 28. Bxb5 Rc2 29. f4 Rb8 30. Ba4 Rd2 31. Nf2 Bc5 32. Kh1 Rxf2 0-1

[Event "AUTO-INT-1853"]
[Site "http://www.queenalice.com/game.php?id=906656"]
[Date "2011.2.28"]
[Round "2"]
[White "psychobunny"]
[Black "h2go"]
[Result "0-1"]
[WhiteElo "1731"]
[BlackElo "2047"]

1. e4 e5 2. Nf3 Nc6 3. Bb5 a6 4. Bxc6 dxc6 5. Nxe5 Qd4 6. Ng4 Qxe4+ 7. Ne3 Bc5
8. Nc3 Qg6 9. Qe2 Ne7 10. O-O O-O 11. d3 Re8 12. Nc4 Bd4 13. Bd2 b5 14. Na5 b4
15. Na4 Be6 16. c3 Bd5 17. g3 Nf5 18. Qxe8+ Rxe8 19. cxd4 Nxd4 20. Bxb4 Ne2# 0-1

[Event "AUTO-INT-1853"]
[Site "http://www.queenalice.com/game.php?id=906657"]
[Date "2011.2.28"]
[Round "2"]
[White "h2go"]
[Black "psychobunny"]
[Result "1-0"]
[WhiteElo "2122"]
[BlackElo "1728"]

1. e4 c5 2. Nf3 d6 3. d4 cxd4 4. Nxd4 Nf6 5. Bb5+ Bd7 6. Nc3 Bxb5 7. Ndxb5 a6 8.
Nd4 e5 9. Nf3 Nc6 10. O-O Be7 11. Nd5 O-O 12. Nxf6+ Bxf6 13. c3 a5 14. Be3 b5
15. Qd5 Ne7 16. Qxb5 Rb8 17. Qe2 d5 18. Rfd1 Qd7 19. Bc5 Rfd8 20. Bxe7 Qxe7 21.
Rxd5 Rxd5 22. exd5 e4 23. Nd4 Bxd4 24. cxd4 Qb4 25. b3 Qxd4 26. Rd1 Qb4 27. d6
Rd8 28. Qa6 f5 29. d7 Kf8 30. Qe6 Qe7 31. Qxf5+ Qf7 32. Qxa5 Rxd7 33. Rxd7 Qxd7
34. Qa8+ Kf7 35. Qa6 Qd2 36. h3 e3 37. Qa7+ Kf6 38. fxe3 Qd1+ 39. Kh2 Qd6+ 40.
Kg1 Qd1+ 41. Kf2 Qd2+ 42. Kf3 Qd5+ 43. Kg3 Qg5+ 44. Kf2 Qf5+ 45. Kg1 h5 46. Qa6+
Kg5 47. Qf1 Qc5 48. Qf4+ Kg6 49. Qe4+ Kf7 50. Qc4+ Qxc4 51. bxc4 Ke6 52. Kf2 Kd6
53. Ke2 Kc5 54. Kd3 g5 55. e4 Kb4 56. Kd4 1-0

[Event "Challenge"]
[Site "http://www.queenalice.com/game.php?id=909680"]
[Date "2011.3.7"]
[Round "-"]
[White "Ginormous"]
[Black "psychobunny"]
[Result "1/2-1/2"]
[WhiteElo "1549"]
[BlackElo "1726"]

1. e4 d5 2. Nc3 Nf6 3. exd5 Nxd5 4. Bc4 e6 5. Nf3 Nxc3 6. bxc3 Nd7 7. d4 c5 8.
O-O Bd6 9. g3 O-O 10. d5 exd5 11. Bxd5 Nf6 12. Bg5 h6 13. Be3 Bg4 14. Bxb7 Rb8
15. Rb1 Re8 16. Qd3 Re7 17. Bd5 Rc7 18. Kg2 Bxf3+ 19. Bxf3 Rxb1 20. Rxb1 Rd7 21.
Rb7 Be7 22. Qb5 Rxb7 23. Qxb7 a5 24. Qb5 g5 25. Bxc5 Bxc5 26. Qxc5 g4 27. Bb7
Nd7 28. Qd5 Qe7 29. Qxa5 Nc5 30. Bc8 Qe4+ 31. Kf1 Qh1+ 32. Ke2 Qe4+ 33. Kd1 Qf3+
34. Kc1 Qh1+ 35. Kb2 Ne6 36. Bxe6 fxe6 37. Qd8+ Kf7 38. Qh4 Qb7+ 39. Kc1 Qf3 40.
Kb2 Kg6 41. Qe7 Qxf2 42. Qxe6+ Kg5 43. Qe5+ Kg6 44. Kb3 Qxh2 45. a4 Qg2 46. c4
Qb7+ 47. Kc3 Qf3+ 48. Kb4 Qb7+ 49. Qb5 Qe7+ 50. Qc5 Qb7+ 51. Qb5 Qe7+ 52. c5
Qe4+ 53. Qc4 Qb7+ 54. Qb5 Qe4+ 55. Qc4 Qb7+ 56. Qb5 Qe4+ 57. Qc4 Qb7+ 1/2-1/2

[Event "Challenge"]
[Site "http://www.queenalice.com/game.php?id=909681"]
[Date "2011.3.7"]
[Round "-"]
[White "psychobunny"]
[Black "Ginormous"]
[Result "1-0"]
[WhiteElo "1722"]
[BlackElo "1558"]

1. e4 e5 2. d4 exd4 3. c3 dxc3 4. Bc4 cxb2 5. Bxb2 d5 6. exd5 Bd6 7. Bxg7 Bb4+
8. Nd2 Bc3 9. Bxc3 f6 10. Qe2+ Kd7 11. Qe6# 1-0

[Event "Challenge"]
[Site "http://www.queenalice.com/game.php?id=930381"]
[Date "2011.4.26"]
[Round "-"]
[White "Ginormous"]
[Black "psychobunny"]
[Result "0-1"]
[WhiteElo "1559"]
[BlackElo "1698"]

1. e4 c5 2. Nf3 a6 3. d4 cxd4 4. Nxd4 e5 5. Nf3 Nf6 6. Nc3 Bb4 7. Bd2 Bxc3 8.
Bxc3 Nxe4 9. Bxe5 f6 10. Bxb8 Rxb8 11. Bc4 Qe7 12. O-O b5 13. Bd5 Nd6 14. Re1
Nf5 15. Rxe7+ Nxe7 16. Qe1 Bb7 17. Bb3 Bxf3 18. gxf3 Kd8 19. Rd1 g5 20. Be6 Rb7
21. Qa5+ Kc8 22. Qxa6 dxe6 23. Qxe6+ Kb8 24. Qxf6 Rc8 25. c3 Rg8 26. Re1 Nd5 27.
Re5 Nxf6 0-1

[Event "Challenge"]
[Site "http://www.queenalice.com/game.php?id=930382"]
[Date "2011.4.26"]
[Round "-"]
[White "psychobunny"]
[Black "Ginormous"]
[Result "1-0"]
[WhiteElo "1708"]
[BlackElo "1549"]

1. e4 e5 2. Nf3 Nc6 3. Bb5 a6 4. Bxc6 dxc6 5. O-O f6 6. d4 Bd6 7. dxe5 fxe5 8.
c3 Nf6 9. Qb3 Nxe4 10. Re1 Nc5 11. Qc4 Be6 12. Qe2 h6 13. Nxe5 Qf6 14. f4 O-O-O
15. Ng4 Qf5 16. Nf2 g5 17. fxg5 hxg5 18. h3 Bg3 19. Rf1 Bc4 20. Qxc4 Rhf8 21.
Be3 Ne6 22. Nh1 Qe5 23. Nxg3 Qxe3+ 24. Kh2 Nf4 25. Na3 Qd2 26. Qe4 Qxb2 27. Nc4
Qxc3 28. Rac1 Qh8 29. Ne5 Qg8 30. Nxc6 bxc6 31. Qxc6 Rd7 32. Qa8# 1-0

[Event "Challenge"]
[Site "http://www.queenalice.com/game.php?id=1021114"]
[Date "2012.1.30"]
[Round "-"]
[White "psychobunny"]
[Black "AntoniusBlock"]
[Result "1/2-1/2"]
[WhiteElo "1720"]
[BlackElo "1280"]

1. d4 d5 2. Bf4 Nc6 3. e3 g6 4. Bb5 Bd7 5. Nc3 Nf6 6. Nf3 a6 7. Bxc6 Bxc6 8. Ne5
Bb5 9. Nxb5 axb5 10. Qd3 c6 11. O-O Bg7 12. b3 O-O 13. c4 bxc4 14. bxc4 Nh5 15.
cxd5 Qxd5 16. Rfd1 Ra4 17. g3 Nf6 18. Bg5 Ne4 19. Bxe7 Re8 20. f3 Rxe7 21. fxe4
Qe6 22. Rd2 f6 23. d5 Qxe5 24. Rad1 cxd5 25. Kf2 Rxe4 26. Qxd5+ Re6 27. Qxe5
R6xe5 28. Rd8+ Re8 29. R8d3 Bh6 30. Re1 b6 31. Rb3 R8e6 32. Kf3 b5 33. Rc3 f5
34. Rc8+ Kf7 35. Rc7+ Kf6 36. Rxh7 Rxe3+ 37. Rxe3 Rxe3+ 38. Kf2 Bg5 39. h4 Ra3
40. hxg5+ Kxg5 41. Rb7 Rxa2+ 42. Kf3 Rb2 43. Rd7 Rb3+ 44. Kg2 Kg4 45. Rd4+ Kg5
46. Kh3 Kh6 47. Kh4 g5+ 48. Kh3 g4+ 49. Kg2 Kh5 50. Rd5 Rb2+ 51. Kf1 Kg5 52. Ke1
b4 53. Rb5 b3 54. Kd1 Rg2 55. Rxb3 f4 56. Rb5+ Kf6 57. gxf4 Rg1+ 58. Ke2 g3 59.
Kf3 g2 60. Rg5 Rf1+ 1/2-1/2

[Event "Challenge"]
[Site "http://www.queenalice.com/game.php?id=1021115"]
[Date "2012.1.30"]
[Round "-"]
[White "AntoniusBlock"]
[Black "psychobunny"]
[Result "0-1"]
[WhiteElo "1282"]
[BlackElo "1718"]

1. d4 Nf6 2. c4 Nc6 3. e3 e5 4. Qe2 d6 5. Nc3 Qe7 6. b3 Bg4 7. f3 exd4 8. Nd5
Nxd5 9. cxd5 Nb4 10. Ba3 Nxd5 11. fxg4 Nxe3 12. Qf3 Nc2+ 13. Kd1 Nxa1 14. Ne2 c5
15. Bb2 Nxb3 16. axb3 g6 17. h4 Bg7 18. g5 O-O 19. Ng3 Rfe8 20. Bc4 a6 21. Re1
Qxe1+ 22. Kc2 Re7 23. Nh5 gxh5 24. Qxh5 Qf2+ 25. Kb1 d3 26. g6 Qc2+ 27. Ka2
Qxb2# 0-1